Henry Hudson in Holland : an inquiry into the origin and objects of the voyage which led to the discovery of the Hudson River, /

Bibliographic Details
Main Author: Murphy, Henry Cruse, 1810-1882
Corporate Authors: SpringerLink (Online service), Linschoten-Vereeniging (Hague, Netherlands)
Other Authors: Nijhoff, Wouter, 1866-1947 (Editor)
Format: eBook
Language:English
Published: The Hague : M. Nijhoff, 1909.
Subjects:
Online Access:Connect to the full text of this electronic book

MARC

Tag First Indicator Second Indicator Subfields
LEADER 00000cam a2200000K 4500
001 in00003499720
006 m o d
007 cr bn||||||abp
007 cr bn||||||ada
008 100601s1909 ne ob 000 0beng d
005 20260422200643.5
019 |a 301120020  |a 499636524 
020 |a 9789401761864 (electronic bk.) 
020 |a 9401761868 (electronic bk.) 
035 |a (OCoLC)635585281  |z (OCoLC)301120020  |z (OCoLC)499636524 
040 |a OCLCE  |b eng  |e pn  |c OCLCE  |d OCLCQ  |d OCLCA  |d OCLCQ  |d OCLCO  |d COO  |d GW5XE  |d OCLCF  |d UtOrBLW 
042 |a dlr 
049 |a TXAM 
050 4 |a E129.H8  |b M91 
050 4 |a G700 1611  |b .M4 1909 
082 0 4 |a 974.7/3/010924  |a B 
084 |a 15.85  |2 bcl 
100 1 |a Murphy, Henry Cruse,  |d 1810-1882. 
245 1 0 |a Henry Hudson in Holland :  |b an inquiry into the origin and objects of the voyage which led to the discovery of the Hudson River, /  |c with bibliographical notes, by Hen. C. Murphy. Reprinted, with notes, documents and a bibliography, by Wouter Nijhoff, hon. secretary to the "Linschoten-vereeniging." 
264 1 |a The Hague :  |b M. Nijhoff,  |c 1909. 
300 |a 1 online resource (xii, 150 pages) 
336 |a text  |b txt  |2 rdacontent 
337 |a computer  |b c  |2 rdamedia 
338 |a online resource  |b cr  |2 rdacarrier 
500 |a Issued by the "Linschoten-vereeniging". cf. accompanying letter of presentation. 
538 |a Master and use copy. Digital master created according to Benchmark for Faithful Digital Reproductions of Monographs and Serials, Version 1. Digital Library Federation, December 2002.  |u http://purl.oclc.org/DLF/benchrepro0212  |5 MiAaHDL 
583 1 |a digitized  |c 2010  |h HathiTrust Digital Library  |l committed to preserve  |2 pda  |5 MiAaHDL 
588 |a Description based on print version record. 
500 |a Electronic resource. 
600 1 0 |a Hudson, Henry,  |d -1611. 
610 2 0 |a Nederlandsche Oost-Indische Compagnie. 
600 1 7 |a Hudson, Henry,  |d -1611.  |2 fast  |0 (OCoLC)fst01824919 
610 2 7 |a Nederlandsche Oost-Indische Compagnie.  |2 fast  |0 (OCoLC)fst00548217 
655 7 |a Electronic books.  |2 local 
700 1 |a Nijhoff, Wouter,  |d 1866-1947,  |e editor. 
710 2 |a SpringerLink (Online service) 
710 2 |a Linschoten-Vereeniging (Hague, Netherlands) 
776 1 8 |i Print version:  |a Murphy, Henry Cruse, 1810-1882.  |t Henry Hudson in Holland.  |d The Hague, M. Nijhoff, 1909  |w (DLC) 10000792  |w (OCoLC)2679875 
856 4 0 |u http://proxy.library.tamu.edu/login?url=https://link.springer.com/10.1007/978-94-017-6186-4  |z Connect to the full text of this electronic book  |t 0 
994 |a 92  |b TXA 
999 |a MARS 
999 f f |s a6677c6f-1621-348e-8701-eb938802dfc0  |i af01b1e4-3c12-305f-ba66-802655365c95  |t 0 
952 f f |a Texas A&M University  |b College Station  |c Electronic Resources  |s www_evans  |d Available Online  |t 0  |e G700 1611 .M4 1909  |h Library of Congress classification 
998 f f |a G700 1611 .M4 1909  |t 0  |l Available Online